[Event "3rd GRENKE Chess Open 2018"]
[Site "Karlsruhe"]
[Date "2018.03.29"]
[Round "1"]
[White "Rapport, Richard"]
[Black "Krauseneck, Peter"]
[Result "1-0"]
[WhiteElo "2715"]
[BlackElo "2149"]
[Annotator "TA"]
[PlyCount "67"]
[EventDate "2018.??.??"]
[EventType "swiss"]
[EventCountry "GER"]
[SourceTitle "playchess.com"]
[Source "ChessBase"]
[SourceQuality "1"]

{[%evp 9,66,66,67,66,68,56,59,9,20,15,23,16,45,42,58,71,66,0,6,-5,0,20,73,74,84,86,89,108,125,94,121,71,110,78,85,74,88,88,87,84,95,79,84,78,508,504,513,481,683,673,29989,29990,29990,29991,29990,29991,29995,29996,29999]} 1. d4 d5 2. c4 e6 3. Nc3 f5 4. Bf4 Nf6 5. e3 Be7 {LiveBook: 23 Games} 6. h3 {A84: Dutch Defence: 2 c4 Miscellaneous} O-O 7. Qc2 c6 8. g4 {White is slightly better.} Ne4 9. gxf5 $146 ({Predecessor:} 9. Nf3 Kh8 10. Bd3 Na6 11. a3 Nxc3 12. bxc3 dxc4 13. Bxc4 {1-0 (47) Sorin,A (2501)-Reides,M (2354) Buenos Aires 1999}) 9... Nxc3 10. Qxc3 exf5 11. Nf3 Be6 12. Rg1 Nd7 13. Ng5 (13. O-O-O $14) 13... Bxg5 $1 $11 14. Bxg5 Nf6 15. c5 Qe8 (15... f4 $11) 16. Bf4 $16 Rf7 17. O-O-O b6 18. Kb1 Rb7 19. Be5 Rf7 20. Be2 {[%cal Bf1e2,Be2h5,Bh5g6][%mdl 32]} Ne4 21. Qe1 {Threatens to win with Bh5.} (21. Qc2 {looks sharper.} Nf6 22. Rc1 Nd7 23. cxb6 Nxe5 24. dxe5 Bd7 25. b7) 21... Nf6 22. Rc1 Nd7 23. Bf4 bxc5 24. dxc5 a5 25. Bh5 g6 26. Qc3 {aiming for Bxg6!} Qe7 $2 {[%mdl 8192] [#]} (26... Nf8 $16) 27. Bxg6 $1 $18 {[%mdl 512]} Rg7 (27... hxg6 28. Rxg6+) 28. Bh5 Nf6 (28... Qf6 $142 29. Qxf6 Nxf6 30. Rxg7+ Kxg7) 29. Bd6 Qd8 30. Rxg7+ {White mates.} Kxg7 31. Rg1+ Kh6 32. Be2 {[%cal Rd6f4]} Nh5 33. Bf4+ Nxf4 34. Qg7# {Precision: White = 73%, Black = 53%.} ({Not} 34. exf4 Qh8 $16) 1-0

[Event "3rd GRENKE Chess Open 2018"]
[Site "Karlsruhe"]
[Date "2018.03.29"]
[Round "1"]
[White "Andreikin, Dmitry"]
[Black "Everett, Elijah"]
[Result "1-0"]
[WhiteElo "2712"]
[BlackElo "2148"]
[Annotator "TA"]
[PlyCount "69"]
[EventDate "2018.??.??"]
[EventType "swiss"]
[EventCountry "GER"]
[SourceTitle "playchess.com"]
[Source "ChessBase"]
[SourceQuality "1"]

{[%evp 21,69,17,19,25,34,38,35,22,26,22,46,50,42,0,12,51,60,37,36,31,101,95,98,98,145,137,145,145,137,149,345,341,335,309,329,268,280,280,748,716,715,698,855,845,1353,1220,5910,1187,1313,1081]} 1. e4 c5 2. Nf3 d6 3. d4 cxd4 4. Qxd4 Nc6 5. Bb5 Bd7 6. Qd3 g6 7. O-O {B53: Sicilian: 2...d6: Lines with Qxd4} Bg7 8. c4 Nf6 9. Nc3 O-O 10. h3 a6 $146 ({Find the theoretical novelty and annotate with similar games:} 10... Rc8 11. Be3 a6 12. Bxc6 Bxc6 {½-½ (26) Karjakin,S (2760)-Nepomniachtchi,I (2729) Riadh 2017}) 11. Bxc6 Bxc6 {LiveBook: 82 Games} 12. Nd4 Rc8 13. Be3 Nd7 14. Rac1 Nc5 15. Qb1 Ne6 16. Nxe6 fxe6 17. Rfd1 b5 18. c5 d5 19. Ne2 Qe8 20. Nd4 Qf7 (20... Bxd4 $1 $14 21. Bxd4 dxe4) 21. Nxc6 $16 Rxc6 22. Qc2 a5 23. Rd3 b4 24. Rcd1 d4 25. Bxd4 e5 $2 {[#]} (25... Bxd4 $16 {keeps fighting.} 26. Rxd4 Qf4) 26. Be3 $18 Qxa2 27. Rd7 Bf6 28. Ra7 Rfc8 29. g4 {[%cal Bg2g4,Bg4g5][%mdl 32]} R6c7 $2 {[#]} (29... g5 30. Qd2 Kh8 31. Qxb4 axb4 32. Rxa2 Rb8) 30. Rxc7 {White is clearly winning.} Rxc7 31. Rd8+ Kf7 32. g5 Bg7 33. Qd1 a4 34. Qf3+ (34. Rb8 $142 Ra7 35. Qd8 Qa1+ 36. Kg2 Qf1+ 37. Kxf1 Bf8 38. Qe8+ Kg8 39. Qxf8#) 34... Ke6 35. Rg8 {Precision: White = 78%, Black = 21%.} 1-0

[Event "3rd GRENKE Chess Open 2018"]
[Site "Karlsruhe"]
[Date "2018.03.29"]
[Round "1"]
[White "Van Wely, Loek"]
[Black "Quaranta, Cristiano"]
[Result "1-0"]
[WhiteElo "2667"]
[BlackElo "2148"]
[Annotator "TA"]
[PlyCount "39"]
[EventDate "2018.??.??"]
[EventType "swiss"]
[EventCountry "GER"]
[SourceTitle "playchess.com"]
[Source "ChessBase"]
[SourceQuality "1"]

{[%evp 9,39,58,74,77,70,64,82,60,63,39,125,122,131,128,113,93,154,147,195,184,227,228,215,181,222,214,254,226,289,295,324,314]} 1. c4 e6 2. Nc3 c5 3. Nf3 Nc6 4. g3 (4. e3 Nf6 5. d4 cxd4 6. exd4 d5 7. c5 Be7 8. Bb5 O-O 9. O-O Qc7 10. Re1 h6 11. g3 Rd8 12. Bf4 Qa5 13. Ba4 Ne4 14. Nxe4 dxe4 15. Rxe4 b5 16. Bb3 Bb7 17. Qe2 {1-0 (25) Li,C (2739)-Shytaj,L (2465) Germany 2017}) 4... g6 5. d4 cxd4 6. Nxd4 {A35: Symmetrical English: 2 Nc3 Nc6 3 Nf3} a6 7. Bg2 Bg7 8. Nxc6 {White is better.} bxc6 9. c5 Qa5 $146 (9... Ne7 $14) ({Predecessor:} 9... Ne7 10. O-O O-O 11. Ne4 {½-½ (43) Chudinovskih,A (2280)-Szablowski,P (2288) Brno 2010}) 10. O-O $16 Ne7 11. Na4 O-O 12. Rb1 Qc7 (12... Qd8 $142) 13. e4 Re8 14. Bf4 e5 15. Be3 a5 16. Qd2 Ba6 17. Rfd1 Ra7 18. Nb6 Rd8 19. Bh3 Bc8 20. Qd6 {Precision: White = 85%, Black = 31%.} 1-0

[Event "3rd GRENKE Chess Open 2018"]
[Site "Karlsruhe"]
[Date "2018.03.29"]
[Round "1"]
[White "Shirov, Alexei"]
[Black "Gulatz, Maurice"]
[Result "1-0"]
[WhiteElo "2651"]
[BlackElo "2145"]
[Annotator "TA"]
[PlyCount "47"]
[EventDate "2018.??.??"]
[EventType "swiss"]
[EventCountry "GER"]
[SourceTitle "playchess.com"]
[Source "ChessBase"]
[SourceQuality "1"]

{[%evp 14,47,20,16,6,-4,33,28,26,29,40,42,57,58,50,38,39,17,43,0,0,-6,0,0,0,0,0,0,0,0,0,0,152,136,428,423]} 1. d4 d5 2. c4 c6 3. Nf3 Nf6 4. Nc3 dxc4 5. a4 Bf5 6. Nh4 e6 7. Nxf5 exf5 8. e3 Bd6 {D17: Slav Defence: 5 a4 Bf5: Lines with 6 Nh4 and 6 Ne5} (8... Bb4 9. Bxc4 O-O 10. Qc2 g6 11. O-O Nbd7 12. f3 Nb6 13. Ba2 Re8 14. Qf2 Nbd5 15. Bd2 Qa5 16. Rac1 Bxc3 17. bxc3 Qxa4 18. Bb1 Re6 19. e4 Rae8 20. Bd3 {1-0 (39) Moiseenko,A (2648)-Gharamian,T (2626) Bastia 2016}) 9. Bxc4 Qe7 10. Qc2 g6 {White has an edge.} 11. O-O $146 ({Predecessor:} 11. f3 Nbd7 12. O-O c5 13. Nb5 Bb8 14. dxc5 Qxc5 15. Bd3 a6 16. Nd4 {1-0 (38) Aschenbrenner,R (2229)-Wallner,J (2310) Vienna 2003}) 11... Nbd7 12. e4 fxe4 13. Re1 {[%cal Rc3e4]} O-O $1 14. Nxe4 Nxe4 15. Rxe4 Qf6 16. h4 Qf5 17. Bd3 Nf6 18. Re2 $36 {[%mdl 2048] White has some pressure.} Qg4 19. Bg5 Nd5 20. Re4 Qd7 21. Bc4 Qf5 22. Qe2 Nf6 $2 {[#]} (22... Kg7 $11) 23. Re6 $1 $16 {[%cal Re6f6][%mdl 512]} Rae8 $2 {[%mdl 8192]} (23... Ne8 $16 24. Bh6 Qh5 25. Bxf8 Qxe2 26. Rxe2 Bxf8) (23... fxe6 24. Bxe6+) 24. Rxf6 {Precision: White = 84%, Black = 33%.} 1-0

[Event "3rd GRENKE Chess Open 2018"]
[Site "Karlsruhe"]
[Date "2018.03.29"]
[Round "1"]
[White "Gordievsky, Dmitry"]
[Black "Spiegel, Stefan"]
[Result "1-0"]
[WhiteElo "2630"]
[BlackElo "2144"]
[Annotator "TA"]
[PlyCount "129"]
[EventDate "2018.??.??"]
[EventType "swiss"]
[EventCountry "GER"]
[SourceTitle "playchess.com"]
[Source "ChessBase"]
[SourceQuality "1"]

{[%evp 23,129,-18,8,-2,-2,-2,-2,-2,-4,-21,-15,-8,-10,-31,0,0,0,-7,20,0,0,0,35,0,13,12,12,0,0,0,11,11,7,0,0,-24,-29,-24,0,0,0,0,0,0,0,0,0,0,0,-31,-23,-59,-75,-73,-10,-57,-50,-46,0,0,0,0,0,0,0,0,0,0,0,0,0,-8,-8,-20,-20,-29,0,0,0,0,0,0,29,36,99,109,208,207,214,203,202,202,2325,2225,29961,29962,29971,29972,29975,29976,29976,29977,29977,29978,29978,29979,29977,29978]} 1. Nf3 Nf6 2. g3 e6 3. Bg2 d5 4. O-O Be7 5. d3 c5 6. Nbd2 Nc6 7. e4 b6 8. Re1 Bb7 9. c3 Qc7 10. Nf1 dxe4 11. dxe4 Rd8 12. Qc2 O-O 13. e5 {C00: French: Unusual White 2nd moves} Nd5 {[%cal Bf6d5,Bd5e7,Be7g6][%mdl 32]} 14. Ng5 Bxg5 $1 15. Bxg5 {The position is equal.} Rd7 16. Qe2 {[#]} h6 $146 ({Predecessor:} 16... Nde7 17. h4 h6 18. Bc1 Na5 19. Bxb7 Qxb7 20. Nh2 Nf5 {0-1 (77) Ibragimov,I (2520)-Dvoirys,S (2550) St Petersburg 1995}) 17. Bc1 Nde7 18. Nd2 Ng6 {[%cal Rc6e5]} 19. f4 $1 Nce7 20. Ne4 Rfd8 21. Be3 Nf5 22. Bf2 Bc6 23. b4 cxb4 24. cxb4 Nd4 25. Bxd4 Bxe4 $1 26. Rac1 Qb8 {Strongly threatening ...Bxg2.} 27. Bxe4 Rxd4 28. b5 Ne7 29. Rc2 g6 30. Rec1 R4d7 31. Kg2 Kg7 32. Kh3 Rc8 33. Rxc8 Nxc8 34. Bc6 Rd8 35. Bf3 Ne7 36. Qe4 (36. Rc4 {looks sharper.} h5 37. a4 Rd7 38. Bc6 Rd8 39. Be4) 36... Rd7 37. Qa8 Qxa8 38. Bxa8 $15 {[%mdl 4096] Endgame [#] KRB-KRN} Nf5 (38... g5 $1 $17) 39. a4 g5 $1 40. Be4 Ne7 41. Rc4 f5 42. exf6+ $1 Kxf6 43. Kg4 gxf4 44. Kxf4 Rd2 45. h4 Ra2 46. Kg4 Ra3 47. Kh5 {With the idea g4.} Rxg3 48. Rc7 Re3 49. Bc2 Re2 50. Kxh6 Nd5 51. Rc8 Rh2 {[%cal Rh2h4]} 52. h5 Ke5 (52... Ne3 {is interesting.} 53. Bg6 Ng4+ 54. Kh7 Kg5 55. Kg7 Nf6) 53. Bg6 Rh4 (53... Ne7 $14 54. Ra8 Kf6 55. Rf8+ Ke5) 54. Kg5 $16 Rh1 {[#]} (54... Rxa4 $16 55. h6 Nf6) 55. Ra8 $1 $18 Rg1+ 56. Kh6 Kf6 57. Rxa7 {And now Rf7+ would win.} Ne7 $2 {[#]} (57... Rg4 58. Rf7+ Ke5) 58. Rxe7 $1 {[%mdl 512]} Kxe7 {KR-KB} 59. Kg7 {White mates.} e5 60. h6 Kd6 61. h7 Rh1 62. h8=Q Rxh8 63. Kxh8 Kc5 64. Kg7 Kb4 65. Kf6 {Precision: White = 59%, Black = 50%.} 1-0

[Event "3rd GRENKE Chess Open 2018"]
[Site "Karlsruhe"]
[Date "2018.03.29"]
[Round "1"]
[White "Kozul, Zdenko"]
[Black "Heinatz, Dr. Gundula"]
[Result "1-0"]
[WhiteElo "2617"]
[BlackElo "2143"]
[Annotator "TA"]
[PlyCount "69"]
[EventDate "2018.??.??"]
[EventType "swiss"]
[EventCountry "GER"]
[SourceTitle "playchess.com"]
[Source "ChessBase"]
[SourceQuality "1"]

{[%evp 14,69,37,23,55,60,84,93,114,102,115,99,109,89,135,94,138,136,136,124,138,135,139,144,142,140,136,126,159,167,172,178,170,170,170,150,276,272,382,375,431,410,445,415,507,504,616,587,708,777,1055,1022,1035,966,1342,1279,1724,1679]} 1. d4 Nf6 2. c4 g6 3. Nc3 Bg7 4. e4 d6 5. Nf3 O-O 6. Be2 Bg4 7. Be3 Nfd7 8. Rc1 Bxf3 {E91: King's Indian: Classical: 6 Be2, unusual replies including 6...c5 and 6...Bg4} (8... c5 9. d5 Na6 10. O-O Nc7 11. h3 Bxf3 12. Bxf3 Re8 13. Be2 a6 14. Qd2 e6 15. Rfe1 exd5 16. exd5 Qh4 17. Bg4 Rxe3 18. Qxe3 {0-1 (35) Brown,M (2506)-Mamedyarov,S (2804) chess.com INT 2018}) 9. Bxf3 Nc6 10. d5 Nce5 {White is better.} 11. Be2 {f4 is the strong threat.} Nb6 12. b3 e6 $146 ({Predecessor:} 12... a5 13. O-O c5 14. f4 Ned7 15. a4 Rb8 16. Kh1 {1-0 (42) Naumkin,I (2506)-Gromovs,S (2311) Capoliveri 2011}) 13. O-O Qe7 14. Qd2 Rae8 15. Nb5 {Strongly threatening c5.} a6 {[#]} 16. Nxd6 $1 {[%mdl 512]} cxd6 17. Bxb6 exd5 18. exd5 f5 19. Be3 Nd7 {With the idea ...f4.} 20. Rfe1 Qf7 21. g3 Be5 22. Bh6 Bg7 23. Bf4 Be5 24. b4 Qf6 (24... Bxf4 $16 {was worth a try.} 25. gxf4 (25. Qxf4 Re5 $16) 25... a5) 25. Bg5 $18 Qh8 (25... Qf7 $142 26. c5 Rc8) 26. c5 h6 27. Bxh6 Rf7 28. Bg5 Nf6 {[#] Threatens to win with ...Ne4.} 29. Bf3 {White is clearly winning.} Ref8 {Black hopes to continue with ...Ne4.} 30. cxd6 Ng4 31. h4 Bxd6 32. Re6 Ne5 33. Be2 Bb8 34. d6 Ba7 35. Bf4 {Precision: White = 91%, Black = 35%.} 1-0

[Event "3rd GRENKE Chess Open 2018"]
[Site "Karlsruhe"]
[Date "2018.03.29"]
[Round "1"]
[White "Papp, Gabor"]
[Black "Barrenechea Bahamonde, Gustavo"]
[Result "1-0"]
[WhiteElo "2604"]
[BlackElo "2141"]
[Annotator "TA"]
[PlyCount "69"]
[EventDate "2018.??.??"]
[EventType "swiss"]
[EventCountry "GER"]
[SourceTitle "playchess.com"]
[Source "ChessBase"]
[SourceQuality "1"]

{[%evp 27,69,25,79,77,134,135,159,168,254,247,260,229,355,340,380,364,370,348,348,336,446,361,402,243,447,475,466,451,728,662,670,651,675,679,1016,989,2285,2133,1755,1566,29991,29992,29992,29993]} 1. e4 c5 2. Nf3 g6 3. d4 cxd4 4. Nxd4 Nf6 5. Nc3 d6 6. Be3 Bg7 7. f3 Nc6 8. Qd2 O-O 9. O-O-O d5 10. Qe1 e5 11. Nxc6 bxc6 12. exd5 Nxd5 13. Bc4 Be6 14. Ne4 h6 {LiveBook: 4 Games. B76: Sicilian Dragon: Yugoslav Attack, 9 g4 and 9 0-0-0} (14... Qc7 $11 {remains equal.} 15. Bc5 Rfd8) (14... Qc7 15. Bc5 Rfd8 16. Qh4 Qa5 17. Ba3 h6 18. Nc5 Bf5 19. Bb3 g5 20. Qf2 Qb6 21. g4 Bg6 22. Rd2 Nc7 23. Ne4 Qxf2 24. Rxf2 {1-0 (76) Caruana,F (2767)-Mamedov,R (2624) Plovdiv 2012}) 15. Bc5 $16 f5 (15... Re8 $142) 16. Bxf8 Qxf8 {White is clearly better.} 17. Nc3 {[%cal Rc3d5]} Nf4 $146 (17... Qc5 {keeps fighting.}) ({Predecessor:} 17... e4 18. Na4 Bf7 19. fxe4 Re8 20. Qa5 Ne3 21. Bxf7+ Qxf7 22. Rd8 Qxa2 23. Rxe8+ {1-0 (35) Karthik,V (2256)-Yogit,S (2064) Dindigul 2015}) 18. Bxe6+ $18 Nxe6 19. Qg3 Rb8 (19... Qf7 $142 20. Rd6 Rd8 21. Rxd8+ (21. Rxc6 g5 $18) 21... Nxd8) 20. Qxg6 Nd4 {With the idea ...Qb4.} 21. a3 Qc5 {Now ...Qb6 and Black clings on.} 22. Rhe1 Qb6 23. b4 Kh8 24. Qd6 Rd8 25. Qc5 Qc7 $2 {[#]} (25... Qxc5 26. bxc5 Bf6) 26. Ne2 Rd5 27. Qc4 a5 (27... Qd7 $142 28. Nxd4 exd4) 28. c3 axb4 29. axb4 Nxe2+ 30. Rxe2 Rb5 31. Red2 {[#] White threatens Rd8+ and mate.} Bf6 32. Rd6 Bg5+ 33. Kc2 Qb6 34. Rxc6 Qf2+ 35. Kb3 {Precision: White = 90%, Black = 17%.} 1-0

[Event "3rd GRENKE Chess Open 2018"]
[Site "Karlsruhe"]
[Date "2018.03.29"]
[Round "1"]
[White "Sumets, Andrey"]
[Black "Schulz, Vladimir"]
[Result "1-0"]
[WhiteElo "2590"]
[BlackElo "2141"]
[Annotator "TA"]
[PlyCount "59"]
[EventDate "2018.??.??"]
[EventType "swiss"]
[EventCountry "GER"]
[SourceTitle "playchess.com"]
[Source "ChessBase"]
[SourceQuality "1"]

{[%evp 23,59,77,85,69,70,71,81,21,31,0,0,0,210,156,147,153,243,232,458,429,445,439,538,540,650,545,751,743,1124,1071,1387,1353,3261,3160,29991,29992,29993,29993]} 1. d4 Nf6 2. c4 c5 3. d5 b5 4. cxb5 a6 5. bxa6 Bxa6 6. Nc3 d6 7. Nf3 g6 8. e4 Bxf1 9. Kxf1 Nbd7 10. g3 Bg7 11. Kg2 O-O 12. a4 {A59: Benko/Volga Gambit: White castles by hand} Qa5 {LiveBook: 56 Games} 13. Ra3 (13. Qc2 Qb4 14. Bd2 Rfb8 15. Rhb1 Qb3 16. Ne1 Ne5 17. f3 Nc4 18. Bc1 Qxc2+ 19. Nxc2 {0-1 (53) Ragger,M (2659)-Vajda,L (2588) Antalya 2017}) 13... Rfb8 14. Qc2 {White is slightly better.} Nb6 {[#]} 15. b3 $146 (15. Nd1 $16) ({Predecessor:} 15. Rb3 Nfd7 16. Bg5 Bxc3 17. Rxc3 f6 18. Bc1 Qxa4 19. Qe2 Qa6 20. Qc2 Qa4 21. Qe2 Qa6 22. Qc2 Qa4 23. Qe2 Qa6 {½-½ (23) Popilski,G (2523)-Timmermans,M (2270) Barcelona 2013}) 15... c4 $1 $11 16. b4 Qxb4 17. Nd4 {[#] Nc6 is the strong threat.} Nfxd5 $2 (17... Qc5 $11 18. Ndb5 Ng4) 18. Nc6 $36 {[%mdl 2048] White is really pushing.} Qc5 19. exd5 Nxd5 (19... Re8 $16 {keeps fighting.}) 20. Nxb8 Nb4 $2 (20... Nxc3 {was called for.} 21. Rxc3 Bxc3) 21. Qe4 Rxb8 22. Be3 Qa5 23. Rb1 Rd8 24. Nb5 d5 25. Qxe7 Bf8 26. Qf6 {Bd4 would kill now.} Nc2 27. Bb6 Qd2 28. Qxd8 Ne1+ {[#]} 29. Rxe1 $1 Qxe1 30. Re3 {Precision: White = 46%, Black = 42%.} 1-0

[Event "3rd GRENKE Chess Open 2018"]
[Site "Karlsruhe"]
[Date "2018.03.29"]
[Round "1"]
[White "Buhmann, Rainer"]
[Black "Wendler, David"]
[Result "1-0"]
[WhiteElo "2588"]
[BlackElo "2140"]
[Annotator "TA"]
[PlyCount "83"]
[EventDate "2018.??.??"]
[EventType "swiss"]
[EventCountry "GER"]
[SourceTitle "playchess.com"]
[Source "ChessBase"]
[SourceQuality "1"]

{[%evp 27,83,40,63,36,34,35,40,35,62,61,109,111,106,103,131,129,129,132,131,127,213,197,398,381,376,392,365,383,372,352,396,383,451,446,624,579,602,574,605,622,579,511,711,706,991,933,1450,1310,29980,6967,29990,29990,29992,29993,29993,29991,29991,29992]} 1. d4 Nf6 2. c4 c5 3. d5 b5 4. cxb5 a6 5. b6 Qxb6 6. Nc3 g6 7. Nf3 d6 8. e4 Bg7 9. Nd2 Qc7 10. Be2 O-O 11. O-O Nbd7 12. a4 Rb8 13. a5 {A57: Benko/Volga Gambit} Rb4 14. Nc4 Ne8 {[%cal Bf6e8,Be8c7,Bc7b5][%mdl 32] LiveBook: 4 Games} 15. Bd2 {[#] White is slightly better.} Ne5 $146 ({Find the theoretical novelty and annotate with similar games:} 15... Qa7 16. Na4 Rb7 17. Nab6 Nc7 18. Bg4 Na8 19. Nxa8 Qxa8 20. Bxd7 Bxd7 {½-½ (32) Seirawan,Y (2625)-Shirov,A (2695) Amsterdam 1995}) 16. b3 {[%cal Bb2b3,Bb3b4][%mdl 32]} Nxc4 17. Bxc4 Qb8 18. Rc1 Nc7 19. Na4 Rb7 20. Nb6 Nb5 21. b4 Bd4 22. Bh6 Re8 23. Qd2 Be5 (23... e5 $16 {was called for.} 24. bxc5 Bxc5 25. Bxb5 axb5) 24. Be3 $18 cxb4 $2 {[#]} (24... Bd7 {keeps fighting.} 25. f4 (25. bxc5 dxc5 26. h3 Bd4 $16) 25... Bd4 26. Bxd4 Nxd4 27. bxc5 (27. Bxa6 Nb3 $16) 27... dxc5 28. Bxa6 Rxb6 29. axb6 Qxb6) 25. Bxb5 axb5 26. Qxb4 ({Weaker is} 26. Rxc8 Rxc8 27. Nxc8 Qxc8 $14) ({Worse is} 26. Nxc8 Bc3 $11) 26... Bd7 27. Nxd7 Rxd7 28. Rc6 Qa8 29. Qxb5 Rb7 30. Rb6 Rc7 31. Rb1 Kg7 32. Ra6 Qc8 33. Rc6 Rxc6 34. Qxc6 f5 35. f4 Qxc6 36. dxc6 {[%mdl 4096] Endgame KRB-KRB} Bc3 37. a6 {[%cal Ba5a6,Ba6a7][%mdl 32]} fxe4 38. a7 d5 39. Rb8 {White mates.} d4 40. Rxe8 dxe3 41. Kf1 e2+ 42. Kxe2 {Precision: White = 88%, Black = 26%.} 1-0

[Event "3rd GRENKE Chess Open 2018"]
[Site "Karlsruhe"]
[Date "2018.03.30"]
[Round "1"]
[White "Sadzikowski, Daniel"]
[Black "Paquico Rodriguez, Ivan"]
[Result "1-0"]
[WhiteElo "2583"]
[BlackElo "2139"]
[Annotator "TA"]
[PlyCount "123"]
[EventDate "2018.??.??"]
[EventType "swiss"]
[EventCountry "GER"]
[SourceTitle "playchess.com"]
[Source "ChessBase"]
[SourceQuality "1"]

{[%evp 14,123,50,47,47,50,51,46,56,26,47,47,68,56,54,45,46,40,46,37,68,18,21,23,6,9,45,20,23,-3,10,-31,-20,-22,-18,-49,-58,-81,-95,-117,-102,-104,-91,-86,-59,-84,-34,-22,18,-79,-22,-39,0,0,0,0,-10,-62,-83,-58,164,-216,-193,-291,-298,-347,-111,-76,0,0,18,0,114,45,246,237,1439,1436,1406,1424,1345,1335,1299,1295,1207,1170,1537,1504,1283,1220,910,214,12838,12838,12841,6303,12841,12836,29985,29986,29986,29985,29982,12839,12839,12840,12843,12843,12844,12844,12844,12841]} 1. c4 g6 2. e4 Bg7 3. d4 d6 4. Nc3 e5 5. Nge2 Nc6 6. d5 Nce7 7. h4 h5 {A42: Modern Defence: Averbakh Variation} 8. Ng3 {LiveBook: 11 Games} Bd7 (8... Bh6 9. Be2 Bxc1 10. Qxc1 Nf6 11. f4 exf4 12. Qxf4 Nd7 13. O-O-O Ne5 14. Qf6 Rf8 15. Rhf1 {1-0 (42) Martinovic,S (2550)-Chigaev,M (2531) Tallinn 2016}) 9. Bd3 a6 $146 {White is slightly better.} ({Predecessor:} 9... Nh6 10. Bd2 a5 11. Qe2 O-O 12. O-O-O a4 13. a3 Kh7 14. Kb1 Qc8 15. f3 {1-0 (38) Kibalnichenko,S (2093)-Gromov,S (2221) ICCF email 2016}) 10. Bg5 Nh6 11. Be2 Ng4 12. f3 Nh6 13. Bd3 f6 14. Bd2 Nf7 15. Qb3 Rb8 16. O-O-O c5 17. dxc6 bxc6 18. Qa3 Be6 19. Nge2 f5 20. Kb1 O-O 21. Be3 a5 22. Nc1 Qc7 23. Nb3 Ra8 24. Rc1 Rfb8 25. Nd5 Qd8 $1 26. Nxe7+ Qxe7 27. Ka1 Qc7 28. Nd2 Bf8 29. Qc3 f4 30. Bf2 a4 31. Nb1 (31. c5 $11 {remains equal.}) 31... Qb7 (31... Nd8 $17) 32. Rhg1 d5 33. exd5 cxd5 34. g3 {[#] Strongly threatening gxf4.} a3 $1 {[%mdl 512]} 35. bxa3 (35. Nxa3 $11 d4 36. Qc2 Qxb2+ 37. Qxb2 Rxb2 38. Kxb2 Bxa3+ 39. Kb3) 35... e4 $15 (35... d4 36. Qc2) 36. gxf4 Nh8 $2 (36... exd3 $2 37. Rxg6+ Kh7 38. Rxe6 $18) (36... Bf5 $1 $15 {keeps the upper hand.} 37. fxe4 dxe4) 37. fxe4 $4 {[%mdl 8192]} (37. Be2 $1 $18) 37... dxe4 $19 {...Rd8 is the strong threat.} 38. Bd4 (38. Be2 {might work better.} Rd8 39. Rcd1) 38... exd3 39. Bxh8 {[#]} Bf5 $2 (39... d2 $1 $19 {[%cal Rd2c1][%mdl 512] is more deadly.} 40. Rcd1 (40. Nxd2 $2 Rxa3 41. Rxg6+ Kh7 $19) 40... Bf5) 40. Be5 $17 Rd8 ({Black should try} 40... Bc5 $17 41. Rgd1 Qd7) 41. c5 $11 {[%cal Bc4c5,Bc5c6][%mdl 32]} Qd5 42. c6 {Hoping for c7.} d2 {[#]} (42... Rdb8 $11) 43. Rcd1 (43. Nxd2 $1 $16 {[%mdl 512] And now c7 would win.} Qxd2 44. Qb3+ Qd5 45. c7 Qxb3 46. cxd8=Q Qxa2+ 47. Kxa2 Rxd8 48. Rgd1) 43... Qc5 $2 ({Black should play} 43... Bxb1 $1 $14 44. Rxb1 Bc5) 44. Qb3+ $18 ({Inferior is} 44. Nxd2 Qxc3+ 45. Bxc3 Rac8 $11) 44... Kh7 $2 (44... Qd5 45. Nxd2 Qxb3 46. Nxb3 Rxd1+ 47. Rxd1 Bg4) 45. Qf7+ Kh6 46. Bf6 {[%csl Gf4,Gg1,Gh4][%cal Rf6g5]} Qd4+ 47. Bxd4 Rxd4 48. Rg5 ({Not} 48. Qf6 Bg7 $14) 48... Bg7 49. Rxf5 {White threatens Rf6 and mate.} gxf5 50. Qe6+ Kh7 51. Qxf5+ Kg8 52. Nc3 $2 (52. Qe6+ Kh8 53. Nc3) 52... Rf8 $2 (52... Rxa3 53. Qe6+ Kh7) 53. Qe6+ Kh8 54. Kb1 Rd3 55. Nb5 Rb8 56. a4 Rd4 57. c7 Rb4+ 58. Qb3 (58. Kc2 $142 Ra8 59. c8=Q+ Rxc8+ 60. Qxc8+ Kh7 61. Qf5+ Kh8 62. Kxd2 Bd4 63. Qf8+ Kh7 64. Qxb4) 58... Rxb3+ {White is clearly winning.} 59. axb3 Rc8 60. Rxd2 {Threatening mate with Rd8+.} Bf6 61. Rd7 Bxh4 62. Nd6 {Precision: White = 45%, Black = 36%.} 1-0